Statistics for Arsenal players with 200+ Premier league appearences

Click here to take the quiz!

General Stats

  • This quiz has been taken 1,043 times
    (1,018 since last reset)
  • The average score is 9 of 13

Answer Stats

AppearancesYearsPlayer% Correct
2581999-2007Thierry Henry
97%
2551983–2002Tony Adams
90%
3151995-2006Dennis Bergkamp
86%
2791996–2005Patrick Vieira
84%
3251992-2004David Seaman
83%
2122003–2011Cesc Fàbregas
74%
3101993–2004Martin Keown
69%
3051988–2002Lee Dixon
66%
3331989–2002Ray Parlour
61%
2701987–2000Nigel Winterburn
57%
2161998–2007Freddie Ljungberg
56%
2252002–2009Kolo Toure
44%
2002007-PresentBacary Sagna
32%

Score Distribution

Percentile by Number Answered

Percent of People with Each Score

Your Score History

You have not taken this quiz since the last reset